Guess the country by its Mandarin pinyin #1 - Statistics

General Stats
  • This quiz has been taken 308 times
  • The average score is 11 of 18
Answer Stats
Hint Answer % Correct
Ba ha ma Bahamas
99%
Ba na ma Panama
84%
Bu dan Bhutan
79%
Bei li si Belize
78%
Bo li wei ya Bolivia
76%
Bo shi ni ya yu he sai ge wei na Bosnia and Herzegovina
72%
Bu ji na fa suo Burkina Faso
72%
Ba ji si tan Pakistan
68%
Bu long di Burundi
65%
Bo lan Poland
65%
Ba bei duo Barbados
62%
Ba la gui Paraguay
60%
Ba bu ya niu ji nei ya Papua New Guinea
58%
Bo zha na Botswana
54%
Ba xi Brazil
44%
Bao jia li ya Bulgaria
42%
Bi li shi Belgium
35%
Ba lin Bahrain
28%
No matching quizzes found
Score Distribution
Percent of People with Each Score
Percentile by Number Answered
Your Score History
You have not taken this quiz